| 000 | 01229cab a22001935a 4500 | ||
|---|---|---|---|
| 001 | L138028 | ||
| 008 | 070514e2007 xxk f 000 0 eng d | ||
| 035 | _a(Sirsi) u138028 | ||
| 041 | 0 | _aeng | |
| 100 | 1 | _aLane, Thomas | |
| 245 | 0 | 0 | _aEnrgy use survey |
| 260 | _c2007 | ||
| 490 | 0 |
_aBuilding Magazine _v272(8477), 27 April 2007, 64-66(3) |
|
| 520 | _aReveals that there is a general apathy towards energy certificates, and that most landlords and occupiers would rather live with a poor rating than changing their practices. Reports that three-quarters of building occupiers and landlords will do nothing or only make minor changes when energy certificates for non-houing take effect. Reports that 47% of respondents had already appointed an energy advisor, that 25% said improving the building fabric was not a consideration, that 50% said they had already taken steps to change employee behaviour to reduce energy consumption and that 72% said that reduced business rates would be an incentive to improve their portfolio. | ||
| 590 | _aKA | ||
| 651 | 4 |
_aEngland and Wales _y1543- |
|
| 690 | _aENVIRONMENTAL AND LAND CONSULTANCY-ENERGY-ENERGY USE-ENERGY USE ASSESSMENT-ENERGY USE AUDITING-ENERGY USE RATING | ||
| 942 | _n0 | ||
| 999 |
_c78769 _d78769 |
||